Journal of Informatics Electrical and Electronics Engineering (JIEEE) (Record no. 44064)
[ view plain ]
| 000 -LEADER | |
|---|---|
| fixed length control field | 00444nam a2200145Ia 4500 |
| 022 ## - INTERNATIONAL STANDARD SERIAL NUMBER | |
| ISSN | 2582-7006 |
| 050 ## - CALL MARK | |
| Classification number | TK7881 .J68/ |
| 245 #0 - TITLE STATEMENT | |
| Title | Journal of Informatics Electrical and Electronics Engineering (JIEEE) |
| 250 ## - EDITION / VOLUME STATEMENT | |
| Edition / Volume statement | Vol. 6, No. 1 |
| 260 ## - PUBLICATION, DISTRIBUTION, ETC. (IMPRINT) | |
| Year of publication | 2024 |
| Place of publication | Nigeria |
| Name of publisher | Global Education & Research Institute (GERIns) |
| 300 ## - PHYSICAL DESCRIPTION | |
| Number of Pages | :ill. ; 30 cm. |
| 650 ## - SUBJECT ADDED ENTRY--TOPICAL TERM | |
| Topical Term | Electrical electronics--periodicals |
| 942 ## - ADDED ENTRY ELEMENTS (KOHA) | |
| Koha item type | Serials |
| Source of classification | Library of Congress Classification |
No items available.